Normal view
MARC view
Entry Topical Term
001 - CONTROL NUMBER
- control field: 694
003 - CONTROL NUMBER IDENTIFIER
- control field: BD-RjUL
005 - DATE AND TIME OF LATEST TRANSACTION
- control field: 20220112144131.0
008 - FIXED-LENGTH DATA ELEMENTS
- fixed length control field: 220112|| aca||aabn | a|a d
040 ## - CATALOGING SOURCE
- Original cataloging agency: BD-RjUL
- Transcribing agency: BD-RjUL
150 ## - HEADING--TOPICAL TERM
- Topical term or geographic name entry element: Land tenure -- Israel
670 ## - SOURCE DATA FOUND
- Source citation: Work cat.: (BD-RjUL)79168: Kanaana, Sharif ;; كناعنة، شريف 691, أبو كشك ومسكة' ;; abu kishk wamiskat / , ١٩٩٠1990